000 00491nam a2200169Ia 4500
005 20250424120315.0
008 250424s9999 xx 000 0 und d
022 _a07955111
050 _aT 28.N6 .N54/
245 0 _aNigerian journal of technological research.
260 _aMinna, Nigeria
260 _bTurkish Airlines
260 _c2011
300 _avi, 80 p. :ill. ; 28 cm.
650 _aTechnology--Nigeria--Periodicals. Technical education--Nigeria--Periodicals.
942 _cSR
999 _c38565
_d38565